banner-ar

ENTOMOFAUNA OF SAUDI ARABIA : (Record no. 7020)

MARC details
000 -الفاتح
حقل البيانات ثابتة الطول 00540nam a2200169Ia 4500
008 - عناصر البيانات ثابتة الطول - معلومات عامة
حقل البيانات ثابتة الطول 140319s9999 xx 000 0 eng d
040 ## - مصدر الفهرسة
وكالة الفهرسة الأصلية GCL /
وكالة النسخ GCL
082 04 - رقم تصنيف ديوى العشرى
رقم التصنيف 595.709531
رقم المادة E A
100 1# - المدخل الرئيسى - إسم شخصى
الإسم الشخصى AHMED ZIAD EL-HAMDI
245 10 - بيان العنوان
العنوان ENTOMOFAUNA OF SAUDI ARABIA :
بقية العنوان GENERAL SURVEY OF INSECTS REPORTED IN TEH KINGDOM OF SAUDI ARABIA /
بيان المسئوليه,etc AHMED ZIAD EL-HAMDI
260 ## - PUBLICATION, DISTRIBUTION, ETC. (IMPRINT)
تاريخ النشر أو التوزيع 1999
300 ## - الوصف المادى
التعداد 24 CM ؛
أبعاد الوعاء 240 P
650 04 - المدخل الاضافى بالموضوع-مصطلح موضوعى
مصطلح موضوعي INSECTS
650 04 - المدخل الاضافى بالموضوع-مصطلح موضوعى
مصطلح موضوعي INSECTS - SAUDI ARABIA
942 ## - عناصر المدخل الإضافي( كوها)
مصدر التصنيف او مخطط الترفيف Dewey Decimal Classification
Koha [default] item type كتاب
260 ## - PUBLICATION, DISTRIBUTION, ETC. (IMPRINT)
-- الرياض :
-- KING SAUD UNIVERSITY ،
Holdings
حالة التراجع حالة الفقد حالة تلف ليس للاعارة المكان المؤقت الموقع الحالى تاريخ الاكتساب اجمالي اﻻعارات رقم الطلب الباركود تاريخ اخر مشاهدة تاريخ تفعيل السعر نوع وعاء كوها
        مكتبة القاهرة الكبرى مكتبة القاهرة الكبرى 03/26/2014   595.709531\E A 14646 03/26/2014 03/26/2014 كتاب
        مكتبة القاهرة الكبرى مكتبة القاهرة الكبرى 03/26/2014   595.709531\E A 14647 03/26/2014 03/26/2014 كتاب

Powered By

EGPV